Countries that border China - Statistics

General Stats
  • This quiz has been taken 549 times
    134 since last reset
  • The average score is 13 of 14
Answer Stats
Answer % Correct
Mongolia
99%
Russia
99%
India
98%
North Korea
98%
Laos
95%
Nepal
95%
Vietnam
95%
Bhutan
93%
Afghanistan
91%
Kyrgyzstan
91%
Myanmar
90%
Pakistan
90%
Tajikistan
89%
Kazakhstan
85%
No matching quizzes found
Score Distribution
Percent of People with Each Score
Percentile by Number Answered
Your Score History
You have not taken this quiz since the last reset